Wszystkie miasta w lubuskim poniżej 10k mieszkańców - Statystyki

Ogólne statystyki
  • Ten quiz został rozwiązany 16 razy
    10 od ostatniego zresetowania
  • Średni wynik to 21 z 26
Statystyki odpowiedzi
Powiat Miasto % Poprawnych
zielonogórski Babimost
100%
zielonogórski Kargowa
100%
nowosolski Bytom Odrzański
83%
zielonogórski Czerwieńsk
83%
strzelecko-drezdenecki Dobiegniew
83%
żagański Iłowa
83%
żarski Jasień
83%
nowosolski Kożuchów
83%
sulęciński Lubniewice
83%
żagański Małomice
83%
nowosolski Nowe Miasteczko
83%
zielonogórski Nowogród Bobrzański
83%
nowosolski Otyń
83%
słubicki Rzepin
83%
międzyrzecki Skwierzyna
83%
wschowski Sława
83%
strzelecko-drezdenecki Strzelce Krajeńskie
83%
wschowski Szlichtyngowa
83%
sulęciński Torzym
83%
gorzowski Witnica
83%
świebodziński Zbąszynek
83%
słubicki Cybinka
67%
żagański Gozdnica
67%
słubicki Ośno Lubuskie
67%
międzyrzecki Trzciel
67%
żarski Brody
50%
Nie znaleziono quizów pasujących do podanych kryteriów
Rozkład punktacji
Procent ludzi z każdym wynikiem
Percentyl według liczby udzielonych odpowiedzi
Twoja historia wyników
Nie rozwiązałeś tego quizu od ostatniego zresetowania